00865nam a22002417a 450000500170000001000130001702000230003003500130005303700160006604000120008208200220009410000290011624501150014526000440026027000150030430000240031950000190034365000470036265000290040994200330043899900190047195201330049020170124110004.0 aB-209636 c375.00a8187374195 aB-209636 bCen Lib/Ret aDPLbEN a351.00313954bMIS aMishra, Digambar 916488 aPolitical behavior of indian state governors :cby Digambar Mishra bstudy of the role of governor in Orissa / aNew DelhibSengupta for samskritic2003 bNew Delhi axii,125p.c21cm(Hb) aIncludes index aWeapons industry--Corrupt practices916489 aPolitical science916490 2ddccENh351.0031395454mMIS c126070d126070 00104070aLbLd2015-06-24eCen Lib/Retg375.00l0o351.00313954 MISpB-209636r2015-06-24 00:00:00t1v375.00w2015-06-24yEN